000 00746nam a2200265 i 4500
001 C2-0148207
003 PPAK
005 20180727131432.0
008 980318s1990 enka|||| ||||| | eng d
020 _a0850459982
040 _aPPAK
_beng
_cPPAK
_erda
082 0 4 _a359.960944
_223
090 0 0 _a359.960944
_bCHA
_dR
100 1 _aChartrand, Rene,
_eauthor
245 1 0 _aNapoleon's sea soldiers
264 1 _aLondon :
_bOsprey Ltd. ,
_c1990
300 _a48 pages :
_bcolour illustrations ;
_c25 cm
336 _2rdacontent
_atext
337 _2rdamedia
_aunmediated
338 _2rdacarrier
_avolume
490 1 _aMen-at-arms series (227)
650 1 0 _aFrance. Marine, history
830 0 _aMen-at-arms series (227)
942 _ddc
_cB
999 _c46834
_d46834